Statistics for Upplands Bro Districts

Click here to take the quiz!

General Stats

  • This quiz has been taken 4 times
  • The average score is 3 of 5

Answer Stats

HintAnswer% Correct
DistrictBro
100%
DistrictLåssa
100%
DistrictHåbo-Tibble
50%
DistrictKungsängen-Västra Ryd
50%
DistrictHåtuna
0%

Score Distribution

Percentile by Number Answered

Percent of People with Each Score

Your Score History

You have not taken this quiz